[Event "FRA Team Ch"]
[Site "France"]
[Date "1994.??.??"]
[Round "?"]
[White "Collin, Denis"]
[Black "Efimov, Igor"]
[Result "1-0"]
[WhiteElo "2285"]
[BlackElo "2465"]
[PlyCount "75"]
[EventDate "1994.??.??"]
[Source "www.chesslib.no"]
[SourceDate "2004.05.04"]

1. d4 Nf6 2. c4 e6 3. Nf3 a6 4. Bg5 c5 5. e3 h6 6. Bh4 cxd4 7. exd4 Qa5+ 8. Nbd2 b5 9. c5 Bb7 10. Be2 Nc6 11. O-O g5 12. Nb3 Qd8 13. Bg3 Bg7 14. a4 b4 15. Nfd2 O-O 16. a5 Nd5 17. Bd6 Nxd4 18. Nxd4 Bxd4 19. Nc4 Qf6 20. Bf3 Rfe8 21. Qd2 Bc6 22. Rad1 e5 23. Nb6 Nxb6 24. Bxc6 Nc4 25. Qxb4 dxc6 26. Qxc4 Bxb2 27. Rb1 Bd4 28. Rb6 Qf4 29. Qd3 g4 30. Rxc6 h5 31. g3 Qf6 32. Qe4 Re6 33. Rc7 Rb8 34. Kg2 Kg7 35. Rxf7+ Qxf7 36. Bxb8 Bxc5 37. Bxe5+ Kg8 38. Qf4 1-0

[Event "Dreszer mem"]
[Site "Gdynia"]
[Date "1987.??.??"]
[Round "4"]
[White "Tomaszewski, Roman"]
[Black "Stratil, Ladislav Jr"]
[Result "1/2-1/2"]
[WhiteElo "2380"]
[BlackElo "2370"]
[PlyCount "39"]
[EventDate "1987.??.??"]
[Source "www.chesslib.no"]
[SourceDate "2004.05.04"]

1. d4 Nf6 2. c4 e6 3. Nf3 a6 4. g3 c5 5. Bg2 cxd4 6. Nxd4 Qc7 7. Qa4 Nc6 8. Nb5 Qb8 9. N5c3 Be7 10. O-O O-O 11. Be3 d6 12. Nd2 Bd7 13. Rfc1 Ne5 14. Qb3 Bc6 15. Na4 Bxg2 16. Kxg2 Nfd7 17. Nb6 Nxb6 18. Bxb6 Qc8 19. f3 Qc6 20. Bd4 1/2-1/2

[Event "Tenkes Kupa"]
[Site "Harkany"]
[Date "1994.??.??"]
[Round "9"]
[White "Bukal, Vladimir Jr"]
[Black "Kustar, Sandor"]
[Result "0-1"]
[WhiteElo "2325"]
[BlackElo "2420"]
[PlyCount "64"]
[EventDate "1994.11.??"]
[Source "ChessBase"]

1. d4 Nf6 2. c4 e6 3. Nf3 a6 4. Nc3 c5 5. d5 exd5 6. cxd5 b5 7. Bg5 h6 8. Bxf6 Qxf6 9. a4 b4 10. Ne4 Qe7 11. Qc2 d6 12. e3 Nd7 13. Bd3 g6 14. O-O Bg7 15. Nfd2 Ne5 16. Be2 f5 17. Ng3 h5 18. Rfe1 O-O 19. h3 f4 20. exf4 Rxf4 21. Bd3 h4 22. Ne2 Rf6 23. f4 Nxd3 24. Qxd3 Bf5 25. Qf3 Re8 26. Qf2 Rff8 27. Nf3 Qe3 28. Nxh4 Bxb2 29. Qxe3 Rxe3 30. Nxf5 gxf5 31. Kf2 Rfe8 32. Ng3 Bxa1 0-1

[Event "XIX Czech Oce Open"]
[Site "Pardubice CEC"]
[Date "2008.07.13"]
[Round "7"]
[White "Kulakov, V."]
[Black "Sodoma, J."]
[Result "1-0"]
[WhiteElo "2360"]
[BlackElo "2379"]
[PlyCount "133"]
[EventDate "2008.07.10"]
[Source "www.chesslib.no"]
[SourceDate "2004.05.04"]

1. d4 Nf6 2. c4 e6 3. Nf3 a6 4. e3 c5 5. Nc3 cxd4 6. exd4 d5 7. Bg5 dxc4 8. Bxc4 Be7 9. a3 O-O 10. O-O b5 11. Ba2 Bb7 12. Qd3 Nbd7 13. Rfd1 Nb6 14. Rac1 Nbd5 15. Ne2 Ne4 16. Bxe7 Nxe7 17. Ne5 Qd6 18. Bb1 f5 19. a4 Nd5 20. f3 Nef6 21. Ba2 bxa4 22. Rc5 Nd7 23. Nxd7 Qxd7 24. Bxd5 Bxd5 25. Rdc1 Rfc8 26. Nf4 Bb3 27. Qc3 Rxc5 28. dxc5 Qc7 29. Nd3 Rd8 30. h3 Rd5 31. Nb4 Rd7 32. Nxa6 Qa7 33. Qa5 Rd6 34. Qb5 Kf7 35. Nb4 Rd2 36. Kh1 Qc7 37. c6 Qg3 38. Rg1 Bd1 39. Qb7+ Kf6 40. c7 Rxg2 41. Rxg2 Bxf3 42. Qxf3 Qxf3 43. c8=Q Qxh3+ 44. Kg1 Qe3+ 45. Rf2 Qe1+ 46. Kg2 Qe4+ 47. Kg1 Qb1+ 48. Kg2 Qe4+ 49. Kf1 Qb1+ 50. Ke2 Qxb2+ 51. Nc2 Qb5+ 52. Kd2 Qd5+ 53. Kc1 h5 54. Qc3+ Kf7 55. Ne3 Qh1+ 56. Kd2 g6 57. Rg2 f4 58. Qc7+ Ke8 59. Qb8+ Ke7 60. Qxf4 Qa1 61. Qc7+ Ke8 62. Rxg6 Qd4+ 63. Ke2 Qb2+ 64. Qc2 Qb5+ 65. Kf2 Qe5 66. Rg8+ Ke7 67. Qh7+ 1-0

[Event "Toronto Open"]
[Site "Toronto CAN"]
[Date "1995.??.??"]
[Round "10"]
[White "Nickoloff, Bryon"]
[Black "Bekefi, Laszlo"]
[Result "1-0"]
[WhiteElo "2420"]
[BlackElo "2300"]
[PlyCount "69"]
[EventDate "1995.07.??"]
[Source "www.chesslib.no"]
[SourceDate "2004.05.04"]

1. d4 Nf6 2. c4 e6 3. Nf3 a6 4. Nc3 c5 5. d5 b5 6. Bg5 b4 7. Ne4 Be7 8. Bxf6 Bxf6 9. Qd2 d6 10. dxe6 Bxe6 11. O-O-O Be7 12. Qf4 O-O 13. e3 Ra7 14. Nxc5 Qa5 15. Nxe6 fxe6 16. Qe4 Rf6 17. Kb1 Nd7 18. Nd4 Nc5 19. Qc2 Qb6 20. g4 Rf8 21. Bd3 g6 22. Qe2 Bh4 23. f4 e5 24. Nf3 Bf6 25. fxe5 dxe5 26. Nd2 Qc6 27. e4 Ne6 28. c5 Nd4 29. Bc4+ Kg7 30. Qe3 Be7 31. Rhf1 Rxf1 32. Rxf1 Bxc5 33. Bd5 Qd6 34. Nc4 Qe7 35. Qf2 1-0

[Event "EU-ch 2nd (Women)"]
[Site "Warsaw"]
[Date "2001.04.22"]
[Round "1"]
[White "Alieva, Elmira"]
[Black "Khurtsidze, Nino"]
[Result "1/2-1/2"]
[WhiteElo "2257"]
[BlackElo "2459"]
[PlyCount "87"]
[EventDate "2001.04.22"]
[Source "ChessBase"]
[SourceDate "2001.07.03"]

1. d4 Nf6 2. c4 e6 3. Nf3 a6 4. Nc3 c5 5. e3 cxd4 6. exd4 b6 7. Be2 Bb7 8. O-O d6 9. a3 Be7 10. d5 e5 11. Bd3 O-O 12. Be3 Nbd7 13. b4 Rc8 14. Nd2 b5 15. Rc1 Nb6 16. Bf5 Ra8 17. Bxb6 Qxb6 18. Qe2 g6 19. Bh3 Nh5 20. g3 Bg5 21. Nce4 Bxd2 22. Qxd2 bxc4 23. Rxc4 f5 24. Ng5 Nf6 25. Bg2 Rfc8 26. Rxc8+ Rxc8 27. Ne6 Qb5 28. Qg5 Kf7 29. Rc1 Qd7 30. Rxc8 Qxc8 31. Qh6 Qg8 32. Qc1 Nxd5 33. Ng5+ Kf6 34. h4 h6 35. Nh3 Kg7 36. Qc4 e4 37. Qd4+ Kf7 38. Bf1 Qd8 39. Bxa6 Qc7 40. Bxb7 Qxb7 41. Nf4 Nxf4 42. gxf4 Qc7 43. Qd2 Qc6 44. a4 1/2-1/2

[Event "Corrientes zt"]
[Site "Corrientes"]
[Date "1985.??.??"]
[Round "?"]
[White "Abarca Aguirre, Manuel"]
[Black "Filguth, Rubens A"]
[Result "1/2-1/2"]
[WhiteElo "2335"]
[BlackElo "2380"]
[PlyCount "88"]
[EventDate "1985.??.??"]
[Source "www.chesslib.no"]
[SourceDate "2004.05.04"]

1. d4 Nf6 2. c4 e6 3. Nf3 a6 4. e3 b6 5. Bd3 Bb7 6. O-O d5 7. b3 Bd6 8. Bb2 O-O 9. Nbd2 Ne4 10. Qc2 f5 11. cxd5 exd5 12. Ne5 Nd7 13. f3 Nxd2 14. Qxd2 Qe7 15. f4 Rae8 16. Qe2 Nb8 17. Rf3 Qe6 18. Rh3 h6 19. Rf1 c5 20. Rh5 Nc6 21. a3 b5 22. Qc2 c4 23. bxc4 dxc4 24. Bxf5 Rxf5 25. Qxf5 Qxf5 26. Rxf5 Ne7 27. Rh5 Nd5 28. Rh3 Nf6 29. g4 Ne4 30. g5 c3 31. Bc1 hxg5 32. Nd3 gxf4 33. Nxf4 Bxf4 34. Rxf4 a5 35. Rh5 Bc6 36. d5 Bd7 37. Rfh4 Kf7 38. Rh8 Rxh8 39. Rxh8 Ke7 40. Ra8 Nc5 41. e4 Nxe4 42. Rxa5 Nc5 43. Ra8 g6 44. Be3 Kd6 1/2-1/2

[Event "Olympiad"]
[Site "Dubai (United Arab Emirates)"]
[Date "1986.??.??"]
[Round "?"]
[White "Moran Bernardo"]
[Black "Lewis, Andrew P"]
[Result "1-0"]
[WhiteElo "2420"]
[BlackElo "2285"]
[PlyCount "81"]
[EventDate "1986.??.??"]
[Source "www.chesslib.no"]
[SourceDate "2004.05.04"]

1. d4 Nf6 2. c4 e6 3. Nf3 a6 4. Nc3 c5 5. d5 exd5 6. cxd5 d6 7. a4 g6 8. Nd2 Nbd7 9. Nc4 Nb6 10. e4 Nxc4 11. Bxc4 Bg7 12. O-O O-O 13. Bg5 Qc7 14. Qd2 Re8 15. Rfe1 Bd7 16. h3 Rab8 17. e5 dxe5 18. Bxf6 Bxf6 19. Ne4 Bg7 20. d6 Qb6 21. Ng5 Rf8 22. f4 Rbe8 23. fxe5 Bxe5 24. Bxf7+ Rxf7 25. Qd5 Bd4+ 26. Kh1 Ref8 27. Nxf7 Bc6 28. Qe6 Rxf7 29. Rf1 Bf6 30. Rxf6 Bxg2+ 31. Kh2 Bd5 32. Qe8+ Kg7 33. Rxf7+ Bxf7 34. Qe5+ Kg8 35. Rf1 Qb4 36. Qf6 Qd2+ 37. Rf2 Qd5 38. Qe7 Qe6 39. Qxe6 Bxe6 40. Rc2 c4 41. Rxc4 1-0

[Event "XL CIS Master"]
[Site "Arvier ITA"]
[Date "2008.05.01"]
[Round "2"]
[White "Sarno, Spartaco"]
[Black "Sibilio, Mario"]
[Result "1-0"]
[WhiteElo "2329"]
[BlackElo "2362"]
[PlyCount "89"]
[EventDate "2008.05.01"]
[Source "www.chesslib.no"]
[SourceDate "2004.05.04"]

1. d4 Nf6 2. c4 e6 3. Nf3 a6 4. Nc3 Bb4 5. Qb3 c5 6. dxc5 Nc6 7. e3 O-O 8. Be2 Bxc5 9. O-O Qc7 10. a3 b6 11. Qa2 Bb7 12. b4 Bd6 13. Bb2 Ne7 14. h3 Ng6 15. Rac1 Be7 16. Rfd1 Ne4 17. Nxe4 Bxe4 18. Qa1 f6 19. h4 a5 20. h5 Nh8 21. c5 bxc5 22. bxc5 Nf7 23. a4 Qb7 24. Ba3 Rfd8 25. Qc3 Bf8 26. Rd2 Kh8 27. Qb2 Rab8 28. Qxb7 Bxb7 29. Bb5 Bd5 30. Nd4 Ne5 31. f3 g6 32. hxg6 hxg6 33. Rc3 Bh6 34. Rd1 Nc6 35. Ne2 f5 36. Kf2 Na7 37. Rh1 Kh7 38. e4 fxe4 39. Bc1 exf3 40. gxf3 Nxb5 41. axb5 Rxb5 42. Bxh6 Rh8 43. Be3+ Kg8 44. Rxh8+ Kxh8 45. Nf4 1-0

[Event "VIII Int Rapid"]
[Site "El Sauzal ESP"]
[Date "2007.11.04"]
[Round "7"]
[White "Mendoza, L."]
[Black "Barlov, D."]
[Result "1/2-1/2"]
[WhiteElo "2219"]
[BlackElo "2469"]
[PlyCount "69"]
[EventDate "2007.11.03"]
[Source "www.chesslib.no"]
[SourceDate "2004.05.04"]

1. d4 Nf6 2. c4 e6 3. Nf3 a6 4. g3 b5 5. b3 Bb7 6. Bg2 Bb4+ 7. Bd2 Be7 8. O-O c5 9. Bc3 bxc4 10. bxc4 cxd4 11. Nxd4 Bxg2 12. Kxg2 Qc7 13. Qd3 Nc6 14. Nxc6 Qxc6+ 15. f3 O-O 16. Nd2 Rac8 17. Rfc1 d6 18. Rab1 Nd7 19. Bd4 Bg5 20. Rb2 Rfd8 21. Rcc2 Bf6 22. Bxf6 Nxf6 23. Nb3 h6 24. Na5 Qc7 25. Qa3 Rb8 26. Qa4 Nd7 27. Rxb8 Rxb8 28. Qc6 Qxc6 29. Nxc6 Rb6 30. Na5 Nc5 31. Nb3 Nxb3 32. Rb2 Rb4 33. axb3 a5 34. Ra2 Rxb3 35. Rxa5 1/2-1/2

[Event "FRA Ch"]
[Site "Epinal FRA"]
[Date "1986.??.??"]
[Round "15"]
[White "Andruet, Gilles"]
[Black "Cerisier, Philippe"]
[Result "1-0"]
[WhiteElo "2410"]
[BlackElo "2275"]
[PlyCount "74"]
[EventDate "1986.??.??"]
[Source "www.chesslib.no"]
[SourceDate "2004.05.04"]

1. d4 Nf6 2. c4 e6 3. Nf3 a6 4. Nc3 c5 5. e3 b6 6. Be2 d6 7. O-O Nbd7 8. b3 Be7 9. Bb2 O-O 10. Rc1 Bb7 11. Qc2 Qc7 12. Rfd1 Rac8 13. Qb1 Qb8 14. Qa1 Qa8 15. Ne1 Rfd8 16. Bf3 cxd4 17. exd4 d5 18. Be2 Nf8 19. Bf1 Qb8 20. Nc2 dxc4 21. bxc4 Qf4 22. Ne3 Ng4 23. Nxg4 Qxg4 24. d5 Ng6 25. h3 Qg5 26. Rd3 Qh4 27. Nd1 exd5 28. Bxg7 dxc4 29. Rxd8+ Rxd8 30. Rxc4 Qg5 31. Rg4 Qd2 32. Ne3 Bc8 33. Re4 Be6 34. a4 Rc8 35. Bh6 Bf8 36. Bxf8 Kxf8 37. Qf6 Kg8 1-0

[Event "Prague"]
[Site "Prague"]
[Date "1983.??.??"]
[Round "8"]
[White "Mozny, Milos"]
[Black "Damjanovic, Mato"]
[Result "1-0"]
[WhiteElo "2260"]
[BlackElo "2400"]
[PlyCount "75"]
[EventDate "1983.01.??"]
[Source "ChessBase"]

1. d4 Nf6 2. c4 e6 3. Nf3 a6 4. Nc3 d5 5. cxd5 exd5 6. Bg5 Be7 7. e3 c6 8. Bd3 Nbd7 9. Qc2 Nf8 10. O-O-O Bg4 11. Rdg1 N6d7 12. h4 Bh5 13. g4 Bg6 14. Bf5 f6 15. Bf4 Nb6 16. h5 Bxf5 17. gxf5 Rg8 18. h6 g5 19. fxg6 Rxg6 20. Nh4 Rxg1+ 21. Rxg1 Qd7 22. Nf5 Ng6 23. Nxe7 Qxe7 24. Bh2 Kf7 25. e4 dxe4 26. Qb3+ Nd5 27. Nxd5 cxd5 28. Qxd5+ Ke8 29. Re1 Rc8+ 30. Kb1 Rd8 31. Qg8+ Nf8 32. d5 f5 33. d6 Qf7 34. Qg7 Ne6 35. Qe5 Kd7 36. Qd5 Rb8 37. Rc1 Qh5 38. Rc7+ 1-0

[Event "Tch-RUS club w"]
[Site "St Petersburg"]
[Date "2002.??.??"]
[Round "7"]
[White "Demina, Julia"]
[Black "Rubzova, Tatiana"]
[Result "1/2-1/2"]
[WhiteElo "2347"]
[BlackElo "2303"]
[PlyCount "61"]
[EventDate "2002.??.??"]
[Source "Roberto Alvarez"]
[SourceDate "2003.04.21"]

1. d4 Nf6 2. c4 e6 3. Nf3 a6 4. g3 c5 5. Bg2 cxd4 6. Nxd4 d6 7. O-O Be7 8. b3 O-O 9. Nc3 Qc7 10. Bb2 Nc6 11. Rc1 Nxd4 12. Qxd4 Rb8 13. Rfd1 b6 14. h3 Bb7 15. e4 Rfd8 16. Kh2 Bf8 17. f4 Ba8 18. Rd2 Ne8 19. Qe3 Qa7 20. Rcd1 Bc6 21. e5 Bxg2 22. Kxg2 Qa8+ 23. Qe4 dxe5 24. Qxa8 Rxd2+ 25. Rxd2 Rxa8 26. fxe5 b5 27. Ne4 bxc4 28. bxc4 Rb8 29. Bc3 Ba3 30. c5 Kf8 31. Rd7 1/2-1/2

[Event "HUN-chT 9899"]
[Site "?"]
[Date "1998.??.??"]
[Round "?"]
[White "Mann Gerald"]
[Black "Kustar Sandor"]
[Result "1-0"]
[WhiteElo "2250"]
[BlackElo "2390"]
[PlyCount "63"]
[EventDate "1998.??.??"]
[Source "www.chesslib.no"]
[SourceDate "2004.05.04"]

1. d4 Nf6 2. c4 e6 3. Nf3 a6 4. Nc3 c5 5. d5 exd5 6. cxd5 b5 7. d6 Qb6 8. Bf4 Bb7 9. Qd2 c4 10. Rd1 Nc6 11. e4 O-O-O 12. Ng5 Re8 13. Be2 Nd8 14. e5 h6 15. Be3 Qa5 16. Nf3 Ng4 17. Qd4 Nxe3 18. fxe3 Rh7 19. O-O Nc6 20. Qf4 g5 21. Qf5 Rg7 22. Nd5 g4 23. Nf6 Re6 24. Nd4 Qb6 25. Nxd7 Kxd7 26. Nxe6 Qxe3+ 27. Rf2 fxe6 28. Qxf8 Qxe5 29. Rf7+ Rxf7 30. Qxf7+ Kd8 31. Qc7+ Ke8 32. d7+ 1-0

[Event "28. ch/B20"]
[Site "28. ch/B20"]
[Date "1996.??.??"]
[Round "3"]
[White "Banikas, Hristos"]
[Black "Mastrovasilis, Athanasios"]
[Result "1/2-1/2"]
[WhiteElo "2440"]
[BlackElo "2175"]
[PlyCount "33"]
[EventDate "1996.??.??"]
[Source "www.chesslib.no"]
[SourceDate "2004.05.04"]

1. d4 Nf6 2. c4 e6 3. Nf3 a6 4. Nbd2 c5 5. e3 b6 6. Bd3 Bb7 7. O-O g6 8. e4 d6 9. dxc5 bxc5 10. e5 dxe5 11. Nxe5 Bg7 12. Ndf3 O-O 13. Qe2 Nc6 14. Nxc6 Bxc6 15. Ne5 Qc7 16. Bd2 Ne4 17. Nxc6 1/2-1/2

[Event "Klaipeda"]
[Site "Klaipeda"]
[Date "1990.??.??"]
[Round "10"]
[White "Kaunas, Kestutis"]
[Black "Gefenas, Vladas"]
[Result "1-0"]
[WhiteElo "2295"]
[BlackElo "2300"]
[PlyCount "71"]
[EventDate "1990.??.??"]
[Source "www.chesslib.no"]
[SourceDate "2004.05.04"]

1. d4 Nf6 2. c4 e6 3. Nf3 a6 4. Nc3 c5 5. d5 b5 6. dxe6 fxe6 7. cxb5 axb5 8. Nxb5 Qa5+ 9. Nc3 d5 10. e3 Nbd7 11. Bb5 Bd6 12. O-O O-O 13. Bxd7 Bxd7 14. e4 dxe4 15. Ng5 Qc7 16. h3 Bh2+ 17. Kh1 Be5 18. Ncxe4 Nxe4 19. Nxe4 Ra4 20. Qc2 Bc6 21. Ng5 Rh4 22. f3 Bd4 23. Qe2 Rf6 24. Be3 Qe5 25. Rae1 Rfh6 26. Qa6 Qc7 27. Bxd4 cxd4 28. Rxe6 Rxe6 29. Nxe6 Qd7 30. Nc5 Rxh3+ 31. Kg1 Qf5 32. Qxc6 h5 33. gxh3 Qg5+ 34. Kh1 Kh7 35. Rg1 Qe3 36. Qg6+ 1-0

[Event "Espoo We MatSK"]
[Site "Espoo"]
[Date "1998.??.??"]
[Round "3"]
[White "Sammalvuo, Tapani"]
[Black "Haapasalo, Jukka Pekka"]
[Result "1-0"]
[WhiteElo "2395"]
[BlackElo "2185"]
[PlyCount "73"]
[EventDate "1998.??.??"]
[Source "www.chesslib.no"]
[SourceDate "2004.05.04"]

1. d4 Nf6 2. c4 e6 3. Nf3 a6 4. Nc3 c5 5. d5 b5 6. Bg5 b4 7. Ne4 Be7 8. Bxf6 Bxf6 9. Qd2 d6 10. dxe6 Bxe6 11. Rd1 O-O 12. Qxd6 Qxd6 13. Nxf6+ gxf6 14. Rxd6 Bxc4 15. b3 Be6 16. e3 a5 17. Bb5 Ra7 18. Nd2 Kg7 19. Ke2 Rc8 20. Rc1 a4 21. Bc4 Bxc4+ 22. Rxc4 axb3 23. axb3 Nd7 24. f4 Kf8 25. Rd5 Rac7 26. Rh5 Kg7 27. Ne4 Kg6 28. g4 Ra8 29. Nd6 h6 30. Nf5 Kh7 31. Nxh6 Ra2+ 32. Kf3 Rb2 33. Re4 Nf8 34. Re8 Kg7 35. Nf5+ Kg8 36. Rxf8+ Kxf8 37. Rh8# 1-0

[Event "FIN Team Ch"]
[Site "Finland"]
[Date "1993.??.??"]
[Round "?"]
[White "Kanko, Ilkka"]
[Black "Haapasalo, Jukka Pekka"]
[Result "1/2-1/2"]
[WhiteElo "2330"]
[BlackElo "2245"]
[PlyCount "32"]
[EventDate "1993.??.??"]
[Source "www.chesslib.no"]
[SourceDate "2004.05.04"]

1. d4 Nf6 2. c4 e6 3. Nf3 a6 4. Nc3 c5 5. Bg5 h6 6. Bxf6 Qxf6 7. d5 d6 8. e4 Nd7 9. Be2 Be7 10. O-O O-O 11. a3 Rb8 12. Qc2 Ne5 13. Nxe5 dxe5 14. Rab1 Bd6 15. b4 Qe7 16. Na4 Bd7 1/2-1/2

[Event "Buenos Aires PRENAJ"]
[Site "Buenos Aires ARG"]
[Date "1994.??.??"]
[Round "3"]
[White "Quiroga, Facundo"]
[Black "Campos, Jose Felix"]
[Result "1-0"]
[WhiteElo "2315"]
[BlackElo "2255"]
[PlyCount "73"]
[EventDate "1994.??.??"]
[Source "www.chesslib.no"]
[SourceDate "2004.05.04"]

1. d4 Nf6 2. c4 e6 3. Nf3 a6 4. Nc3 c5 5. d5 b5 6. Bg5 b4 7. Ne4 d6 8. Nxf6+ gxf6 9. Bd2 f5 10. a3 bxa3 11. Rxa3 Bg7 12. Bc3 Bxc3+ 13. Rxc3 e5 14. Nd2 Nd7 15. e4 f4 16. g3 Rb8 17. Qc1 Rb4 18. Bh3 Nf6 19. Bxc8 Qxc8 20. gxf4 exf4 21. Rg1 Qb7 22. b3 Qe7 23. Kd1 Rg8 24. Rxg8+ Nxg8 25. Qa1 Nf6 26. Qxa6 Qe5 27. Rc2 Nd7 28. Qc8+ Ke7 29. Ra2 Rb8 30. Qc7 f3 31. Ra7 Rd8 32. b4 Ke8 33. b5 Qe7 34. b6 Rb8 35. e5 Rd8 36. Ne4 Qh4 37. Nf6+ 1-0

[Event "Tirnavia-B"]
[Site "Trnava SVK"]
[Date "1986.??.??"]
[Round "9"]
[White "Miniboeck, Guenter"]
[Black "Stratil, Ladislav jr"]
[Result "1/2-1/2"]
[WhiteElo "2250"]
[BlackElo "2320"]
[PlyCount "74"]
[EventDate "1986.03.??"]
[Source "www.chesslib.no"]
[SourceDate "2004.05.04"]

1. d4 Nf6 2. c4 e6 3. Nf3 a6 4. Nc3 c5 5. e3 b6 6. Bd3 d6 7. b3 Bb7 8. Bb2 Nbd7 9. O-O g6 10. Qe2 Bg7 11. Rfd1 O-O 12. Rac1 Qc7 13. Bb1 Rad8 14. dxc5 bxc5 15. Nd2 Ne5 16. Nde4 Nxe4 17. Bxe4 f5 18. Bxb7 Qxb7 19. f4 Ng4 20. Re1 Rfe8 21. Qf3 Qxf3 22. gxf3 Nf6 23. Na4 Nh5 24. Bxg7 Kxg7 25. Rcd1 Kf7 26. Rd3 Rg8 27. h4 h6 28. Kf2 Ke7 29. Rg1 Nf6 30. Ke2 Rc8 31. Nc3 Nd7 32. Na4 Nb8 33. Rd2 Nc6 34. Kd3 Rcd8 35. Kc3 Rdf8 36. Rgd1 Rd8 37. Rg1 Rdf8 1/2-1/2

[Event "2nd MAIG Team Standard"]
[Site "Macau CHN"]
[Date "2007.10.30"]
[Round "5"]
[White "Wu Shaobin"]
[Black "Shresta, B."]
[Result "1-0"]
[WhiteElo "2449"]
[BlackElo "2117"]
[PlyCount "45"]
[EventDate "2007.10.28"]
[Source "www.chesslib.no"]
[SourceDate "2004.05.04"]

1. d4 Nf6 2. c4 e6 3. Nf3 a6 4. Nc3 d5 5. cxd5 exd5 6. Bg5 Be7 7. e3 O-O 8. Bd3 Re8 9. Qc2 Nbd7 10. h3 Nf8 11. O-O-O b5 12. Kb1 Be6 13. Ne2 c5 14. dxc5 Rc8 15. c6 Qb6 16. Nfd4 Ne4 17. Bxe7 Rxe7 18. Nf4 Nc5 19. Rc1 Ncd7 20. Nf5 Bxf5 21. Nxd5 Bxd3 22. Nxe7+ Kh8 23. Qxd3 1-0

[Event "Bad Ragaz Open"]
[Site "Bad Ragaz SUI"]
[Date "1990.??.??"]
[Round "9"]
[White "Zueger, Beat"]
[Black "Fiedler, Wolfgang"]
[Result "1-0"]
[WhiteElo "2415"]
[BlackElo "2150"]
[PlyCount "133"]
[EventDate "1990.??.??"]
[Source "www.chesslib.no"]
[SourceDate "2004.05.04"]

1. d4 Nf6 2. c4 e6 3. Nf3 a6 4. Nc3 c5 5. d5 b5 6. Bg5 Qa5 7. Qd2 Be7 8. e4 b4 9. Bxf6 gxf6 10. Nd1 d6 11. Ne3 Nd7 12. Be2 Nf8 13. O-O Ng6 14. Ne1 Qc7 15. f4 e5 16. f5 Nf8 17. Bh5 Nd7 18. Ng4 h6 19. Rf3 Bf8 20. Rh3 Qd8 21. Nf3 Qe7 22. Nh4 Nb6 23. Ne3 Bd7 24. Rg3 Kd8 25. Nf3 Kc7 26. Ne1 a5 27. Nd3 Be8 28. a3 Kb8 29. b3 Qc7 30. h3 Ra7 31. Kh2 Ra8 32. Ra2 Ra7 33. Rf3 Rg8 34. h4 Rh8 35. Rf1 Nc8 36. Rfa1 Qb6 37. Nc2 Be7 38. Qf2 Kb7 39. Qe3 Bf8 40. Qg3 Kb8 41. Qf2 Kb7 42. Nb2 Kb8 43. Nd3 Kb7 44. Qe1 Be7 45. axb4 axb4 46. Rxa7+ Nxa7 47. Ra2 Rg8 48. Qc1 Rh8 49. Nb2 Kb8 50. Qa1 Kb7 51. Na4 Qc7 52. Ne1 Nc8 53. Nd3 Rg8 54. Nab2 Qb6 55. Qc1 Rh8 56. Na4 Qc7 57. Kh3 Bf8 58. Qa1 Be7 59. Nab2 Qb6 60. Ra8 Bf8 61. Bxf7 Bxf7 62. Na4 Qa7 63. Rxa7+ Nxa7 64. Naxc5+ dxc5 65. Qa5 Bd6 66. Nxc5+ Ka8 67. Na6 1-0

[Event "Simferopol/Alushta women"]
[Site "Alushta UKR"]
[Date "1992.??.??"]
[Round "?"]
[White "Lelchuk, Zoja"]
[Black "Rubzova, Tatiana"]
[Result "1/2-1/2"]
[WhiteElo "2335"]
[BlackElo "2220"]
[PlyCount "82"]
[EventDate "1992.??.??"]
[Source "www.chesslib.no"]
[SourceDate "2004.05.04"]

1. d4 Nf6 2. c4 e6 3. Nf3 a6 4. Nc3 c5 5. d5 b5 6. Bg5 b4 7. Ne4 Be7 8. Bxf6 Bxf6 9. Qd2 O-O 10. O-O-O e5 11. d6 Nc6 12. e3 Qa5 13. Nxf6+ gxf6 14. Bd3 b3 15. a3 Qxd2+ 16. Nxd2 Na5 17. Ne4 Kg7 18. Nxc5 Ra7 19. Kd2 Nb7 20. Nxb3 Nxd6 21. c5 Nb7 22. Be4 a5 23. a4 Nd8 24. Kc3 Ne6 25. Rd6 Rc7 26. Kc4 Bb7 27. c6 Bxc6 28. Bxc6 dxc6 29. Nxa5 Ra8 30. Nxc6 Rxa4+ 31. b4 Rb7 32. Rhd1 Rb6 33. R1d5 Nc7 34. Ra5 Raxb4+ 35. Nxb4 Rxd6 36. Rc5 Rd7 37. Rc6 Ne6 38. Nd5 Ra7 39. Kd3 Rd7 40. Kc4 Ra7 41. Nc3 Ra1 1/2-1/2

[Event "Helsinki We SKFC 2 op"]
[Site "Helsinki"]
[Date "1997.??.??"]
[Round "4"]
[White "Manninen, Marko"]
[Black "Haapasalo, Jukka Pekka"]
[Result "1-0"]
[WhiteElo "2380"]
[BlackElo "2175"]
[PlyCount "45"]
[EventDate "1997.??.??"]
[Source "www.chesslib.no"]
[SourceDate "2004.05.04"]

1. d4 Nf6 2. c4 e6 3. Nf3 a6 4. Bg5 c5 5. d5 h6 6. Bxf6 Qxf6 7. Nc3 d6 8. dxe6 fxe6 9. Qd2 b5 10. Ne4 Qd8 11. O-O-O bxc4 12. Nxd6+ Bxd6 13. Qxd6 Qxd6 14. Rxd6 Ke7 15. Rd2 Nd7 16. e3 c3 17. bxc3 Bb7 18. Be2 Rhf8 19. Rhd1 Rad8 20. Rb2 Rb8 21. Rdd2 e5 22. Nh4 Rxf2 23. Rxd7+ 1-0

[Event "Cutro op 8th"]
[Site "Cutro"]
[Date "2002.04.24"]
[Round "1"]
[White "Scerbo, Antonio"]
[Black "Efimov, Igor"]
[Result "0-1"]
[WhiteElo "2091"]
[BlackElo "2446"]
[PlyCount "64"]
[EventDate "2002.04.24"]
[Source "ChessBase"]
[SourceDate "2002.07.08"]

1. d4 Nf6 2. c4 e6 3. Nf3 a6 4. g3 b5 5. Bg2 bxc4 6. Ne5 d5 7. Nxc4 Nc6 8. O-O Rb8 9. b3 Be7 10. Bb2 O-O 11. Ne5 Nxe5 12. dxe5 Nd7 13. e4 c6 14. Nd2 a5 15. Rc1 Qb6 16. Qc2 Ba6 17. Rfd1 Bc5 18. Nf3 a4 19. exd5 axb3 20. axb3 cxd5 21. Ng5 g6 22. Bxd5 exd5 23. Rxd5 Be7 24. Ne4 Rfc8 25. Qd2 Rxc1+ 26. Qxc1 Qe6 27. Qd2 Bb7 28. Rxd7 Bxe4 29. Qd4 Qh3 30. f3 Bxf3 31. Kf2 Qg2+ 32. Ke3 Bg5+ 0-1

[Event "Helsinki PC-SuperSto"]
[Site "Helsinki FIN"]
[Date "1995.??.??"]
[Round "?"]
[White "Maki-Uuro, Miikka"]
[Black "Haapasalo, Jukka Pekka"]
[Result "1-0"]
[WhiteElo "2280"]
[BlackElo "2240"]
[PlyCount "111"]
[EventDate "1995.??.??"]
[Source "www.chesslib.no"]
[SourceDate "2004.05.04"]

1. d4 Nf6 2. c4 e6 3. Nf3 a6 4. c5 b6 5. cxb6 cxb6 6. Bg5 Bb7 7. Nbd2 Be7 8. e3 d6 9. Bxf6 Bxf6 10. Bd3 Nd7 11. O-O O-O 12. Be4 Qb8 13. Rc1 Rc8 14. Rxc8+ Qxc8 15. Qb1 Bxe4 16. Nxe4 Be7 17. Rc1 Qd8 18. d5 exd5 19. Nc3 Nf6 20. Rd1 Rc8 21. Qd3 b5 22. Nxd5 Nxd5 23. Qxd5 Rc2 24. Ne5 Qe8 25. Qb3 Rc7 26. Nd3 Qc8 27. Nb4 Rc1 28. Nd5 Bf8 29. Nc3 Rxd1+ 30. Qxd1 Qc5 31. g3 g6 32. Nd5 a5 33. b3 Bg7 34. a4 bxa4 35. bxa4 Be5 36. Qb3 Kg7 37. Kg2 h5 38. h4 Bf6 39. Qd3 Bd8 40. Qe4 Qc8 41. Qd4+ Kg8 42. Qe4 Qe6 43. Qd3 Qg4 44. e4 Qe6 45. Qd4 Qe5 46. Qc4 Kg7 47. Nf4 Bb6 48. Ne2 Qc5 49. Qxc5 Bxc5 50. Nc3 Kf6 51. f4 Ke6 52. Kf3 f5 53. Nb5 Bb4 54. Nc7+ Kf7 55. e5 dxe5 56. fxe5 1-0

[Event "Salo We SalSK"]
[Site "Thessaloniki GRE"]
[Date "1993.??.??"]
[Round "2"]
[White "Lehtivaara, Petri"]
[Black "Haapasalo, Jukka Pekka"]
[Result "0-1"]
[WhiteElo "2265"]
[BlackElo "2245"]
[PlyCount "86"]
[EventDate "1993.??.??"]
[Source "www.chesslib.no"]
[SourceDate "2004.05.04"]

1. d4 Nf6 2. c4 e6 3. Nf3 a6 4. Nc3 c5 5. e3 b6 6. Bd3 d6 7. O-O Nbd7 8. b3 g6 9. Bb2 Bg7 10. Qe2 O-O 11. Rad1 cxd4 12. exd4 Bb7 13. Rfe1 Re8 14. Bb1 Rc8 15. Nd2 Qc7 16. Nde4 d5 17. Nxf6+ Nxf6 18. cxd5 exd5 19. Qf3 Qd7 20. h3 Ne4 21. Ne2 Rc6 22. Qd3 Rf6 23. f3 Nd6 24. Qd2 Rfe6 25. Nf4 Bh6 26. Rxe6 Rxe6 27. Bc1 Nb5 28. Qd3 Rc6 29. Ne2 Bg7 30. a4 Nc7 31. Be3 a5 32. Qd2 Ba6 33. Nf4 Ne6 34. Nxe6 Rxe6 35. Re1 Qe7 36. Bf2 Rxe1+ 37. Bxe1 Bxd4+ 38. Kh2 Qe5+ 39. f4 Qe3 40. Qxe3 Bxe3 41. f5 d4 42. fxg6 hxg6 43. Be4 Be2 0-1